000 00821nam a22002297a 4500
001 8584
003 FISKH
005 20251002095910.0
008 251002b cb ||||| |||| 00| 0 eng d
020 _a806008667678
040 _aFISKH
_beng
_cFISKH
_dFISKH
082 _a516
100 _aAnonymous
245 _aFun with shapes /
260 _aNaville :
_bThe Clever Factory,
_c2006.
300 _a10 unnumbered pages :
_bcolor illustrations ;
_c15 x 19 cm
505 _aNP
520 _aFew things are more important than spending time reading to a small child. We have carefully crafted a series of beautifully illustrated books that nurture a child's development and encourage early learning skills.
650 _aShape
_vJuvenvile Literature
_xKids Board Books
942 _2ddc
_cBK
_n0
999 _c8584
_d8584